LEADER 01039nam0-22003731i-450- 001 990001359780403321 010 $a0-521-40153-4 035 $a000135978 035 $aFED01000135978 035 $a(Aleph)000135978FED01 035 $a000135978 100 $a20000920d1991----km-y0itay50------ba 101 0 $aeng 200 1 $aInfinite electrical networks$fArmen H. Zemanian 210 $aCambridge$cCambridge University Press$dc1991 215 $axi, 308 p.$cill.$d24 cm 225 1 $aCambridge tracts in mathematics$v101 610 0 $aTeoria analitica dei circuiti 610 0 $aTeoria dei grafi$aApplicazioni ai circuiti e reti 676 $a621.3192 700 1$aZemanian,$bArmen H.$013591 801 0$aIT$bUNINA$gRICA$2UNIMARC 901 $aBK 912 $a990001359780403321 952 $aC-34-(101$b12511$fMA1 959 $aMA1 962 $a94C05 962 $a94C15 962 $a05CXX 962 $a46NXX 962 $a47N70 996 $aInfinite electrical networks$9375297 997 $aUNINA DB $aING01 LEADER 02453nam 22004813u 450 001 9910462203503321 005 20210114050756.0 035 $a(CKB)2670000000242040 035 $a(EBL)909002 035 $a(OCoLC)99627157 035 $a(MiAaPQ)EBC909002 035 $a(EXLCZ)992670000000242040 100 $a20130418d2002|||| u|| | 101 0 $aeng 135 $aur|n|---||||| 200 10$aAntitrust and the Formation of the Postwar World$b[electronic resource] 210 $aNew York $cColumbia University Press$d2002 215 $a1 online resource (289 p.) 225 1 $aColumbia Studies in Contemporary American History 300 $aDescription based upon print version of record. 311 $a0-231-12399-X 327 $aContents; Preface; Introduction; 1 The Cartel Ideal; 2 The Context of Antitrust; 3 Reform versus Mobilization; 4 Making the World Safe for Competition; 5 Among Unbelievers: Antitrust in Germany and Japan; 6 The New Order in Practice: The Cases of Oil and Steel; Notes; Essay on Sources; Index 330 $aToday antitrust law shapes the policy of almost every large company, no matter where headquartered. But this wasn't always the case. Before World War II, the laws of most industrial countries tolerated and even encouraged cartels, whereas American statutes banned them. In the wake of World War II, the United States devoted considerable resources to building a liberal economic order, which Washington believed was necessary to preserving not only prosperity but also peace after the war. Antitrust was a cornerstone of that policy. This fascinating book shows how the United States sought to i 410 0$aColumbia Studies in Contemporary American History 606 $aAntitrust law -- United States -- History 606 $aCartels -- History 606 $aCompetition, Unfair -- History 606 $aConflict of laws -- Antitrust law -- History 608 $aElectronic books. 615 4$aAntitrust law -- United States -- History. 615 4$aCartels -- History. 615 4$aCompetition, Unfair -- History. 615 4$aConflict of laws -- Antitrust law -- History. 676 $a343.73/0721 676 $a343.730721 700 $aWells$b Wyatt$0893528 801 0$bAU-PeEL 801 1$bAU-PeEL 801 2$bAU-PeEL 906 $aBOOK 912 $a9910462203503321 996 $aAntitrust and the Formation of the Postwar World$91996039 997 $aUNINA LEADER 03248oam 2200685I 450 001 9910452937403321 005 20200520144314.0 010 $a0-203-06811-4 010 $a1-299-46906-X 010 $a1-135-08199-9 024 7 $a10.4324/9780203068113 035 $a(CKB)2550000001019541 035 $a(EBL)1170291 035 $a(SSID)ssj0000860837 035 $a(PQKBManifestationID)11447812 035 $a(PQKBTitleCode)TC0000860837 035 $a(PQKBWorkID)10915029 035 $a(PQKB)11669462 035 $a(MiAaPQ)EBC1170291 035 $a(PPN)191280984 035 $a(Au-PeEL)EBL1170291 035 $a(CaPaEBR)ebr10687183 035 $a(CaONFJC)MIL478156 035 $a(OCoLC)841914907 035 $a(OCoLC)840416972 035 $a(EXLCZ)992550000001019541 100 $a20180706d2013 uy 0 101 0 $aeng 135 $aur|n|---||||| 181 $ctxt 182 $cc 183 $acr 200 10$aSport in capitalist society $ea short history /$fTony Collins 210 1$aAbingdon, Oxon :$cRoutledge,$d2013. 215 $a1 online resource (187 p.) 300 $aDescription based upon print version of record. 311 $a0-415-81356-5 311 $a0-415-81355-7 320 $aIncludes bibliographical references and index. 327 $aCover; SPORT IN CAPITALIST SOCIETY; Title Page; Copyright Page; Table of Contents; Introduction; 1 Capitalism and the birth of modern sport; 2 Class conflict and the decline of traditional games; 3 Sport, nationalism and the French Revolution; 4 The middle-class invention of amateurism; 5 Women and the masculine kingdom of sport; 6 The Victorian sporting industrial revolution; 7 Sport and the age of empire; 8 Unfair play: the racial politics of sport; 9 Soccer's rise to globalism; 10 The second revolution: sport between the world wars; 11 Revolutionary sport 327 $a12 Sex, drugs and sport in the Cold War13 Taking sides in the 1960s; 14 The revolution is being televised; 15 Winners and losers: sport in the New World Order; Conclusion: what future for sport?; Notes; Bibliography; Index 330 $aWhy are the Olympic Games the driving force behind a clampdown on civil liberties? What makes sport an unwavering ally of nationalism and militarism? Is sport the new opiate of the masses?These and many other questions are answered in this new radical history of sport by leading historian of sport and society, Professor Tony Collins.Tracing the history of modern sport from its origins in the burgeoning capitalist economy of mid-eighteenth century England to the globalised corporate sport of today, the book argues that, far from the pu 606 $aSports$xPolitical aspects 606 $aSports$xEconomic aspects 606 $aSports and state 606 $aCapitalism 608 $aElectronic books. 615 0$aSports$xPolitical aspects. 615 0$aSports$xEconomic aspects. 615 0$aSports and state. 615 0$aCapitalism. 676 $a796.06/9 700 $aCollins$b Tony$f1961-,$0910306 801 0$bMiAaPQ 801 1$bMiAaPQ 801 2$bMiAaPQ 906 $aBOOK 912 $a9910452937403321 996 $aSport in capitalist society$92163854 997 $aUNINA